00267 2200121 4500001002100000005001500021035002000036245003100056020001500087260002700102990000800129990000800137INLIS00000000000262320251204110644 a0010-1225000004 inna No Nihongo II (Vol. 2) 78602700606 V. Lintas Cipta Pustaka a252 a252